| 000 | 01415nam a2200241Ia 4500 | ||
|---|---|---|---|
| 003 | Ost | ||
| 005 | 20260507075330.0 | ||
| 008 | 260507s9999||||xx |||||||||||||| ||und|| | ||
| 020 | _a28940799579 | ||
| 040 | _cfsecg | ||
| 041 | _aara | ||
| 082 | _a330 | ||
| 100 |
_aذيب، سوزان سمير _eمؤلف |
||
| 245 | 0 |
_aإدارة الائتمان / _c سوزان سمير ذيب |
|
| 260 |
_aعمان: _bدار الفكر, _c2012 |
||
| 300 |
_a347 صفحة؛ _bإيضاحات ؛ _c25 سم |
||
| 520 | _aالائتمان المصرفي ، السيولة و الربحية و الأمان ، أنواع التسهيلات الائتمانية ، مخاطر الائتمان المصرفي ، ادارة الائتمان ، التحليل المالي و تحليل النسب المالية لغايات الأقراض ، تحليل نسب التمويل و نسب النشاط ، التنبؤ بالفشل المالي للشركات ، الضمانات ، متابعة الائتمان المصرفي ، ادارة الائتمان في ظل شح العملات الاجنبية و اخيرا رقابة البنك المركزي على الائتمان المصرفي | ||
| 653 | _aالإئتمان المصرفي | ||
| 653 | _aالإئتمان- إدارة | ||
| 653 | _aبنوك الإئتمان | ||
| 700 |
_aابراهيم، نور محمود وأخرون _eمؤلف ثانوي |
||
| 942 | _cكتاب | ||
| 999 |
_c43997 _d43997 |
||